LEGO Dungeons & Dragons: Minifigures by Picture - Statistics

General Stats
  • This quiz has been taken 12 times
  • The average score is 7 of 12
Answer Stats
Picture Answer % Correct
Mind Flayer
100%
Halfling Druid
78%
Dragonborn Paladin
67%
Elf Bard
67%
Aarakocra Ranger
56%
Dwarf Barbarian
56%
Tasha the Witch Queen
56%
The Lady of Pain
56%
Tiefling Sorcerer
56%
Gith Warlock
44%
Szass Tam
33%
Strahd von Zarovich
22%
No matching quizzes found
Score Distribution
Percent of People with Each Score
Percentile by Number Answered
Your Score History
You have not taken this quiz